Canadian psychology. : Psychologie canadienne.

Bibliographic Details
Previous Title:Canadian psychological review
Corporate Author: Canadian Psychological Association
Format: Journal
Language:English
Language Notes:Includes some text in French.
Published: [Ottawa] : [Canadian Psychological Association]
Subjects:
Online Availability: Check for online availability

MARC

Tag First Indicator Second Indicator Subfields
LEADER 00000cas a2200000 4500
001 in00000083032
005 20151008055542.0
008 800716c19809999oncqr4p 0 a0eng d
010 |a  80648594   |z cn 81039047  
022 0 |a 0708-5591 
030 |a CPSGD2 
032 |a 006814  |b USPS 
035 |a (OCoLC)06518844 
035 |9 AAJ3767AM 
040 |a IND  |c IND  |d CLU  |d DLC  |d NLC  |d DLC  |d NLC  |d DLC  |d OCL  |d DLC  |d NST  |d DLC  |d NST  |d DLC  |d NST  |d RCS  |d NST  |d AIP  |d DLC  |d AIP  |d NST  |d TXA  |d UtOrBLW 
041 0 |a eng  |b fre 
042 |a nlc  |a isds/c  |a lc 
043 |a n-cn--- 
049 |a TXAE 
050 0 0 |a BF1  |b .A15 
055 0 1 |a BF1 
060 0 0 |a W1 CA647H 
069 1 |a C04806000 
082 0 |a 150/.5 
210 0 |a Can. psychol. 
222 0 |a Canadian psychology 
245 0 0 |a Canadian psychology. :  |b Psychologie canadienne. 
246 1 1 |a Psychologie canadienne 
264 1 |a [Ottawa] :  |b [Canadian Psychological Association] 
300 |a volumes ;  |c 26 cm. 
310 |a quarterly,  |b June 1991- 
321 |a Annual,  |b 1980- 
336 |a text  |b txt  |2 rdacontent 
337 |a unmediated  |b n  |2 rdamedia 
338 |a volume  |b nc  |2 rdacarrier 
362 0 |a v. 21- Jan. 1980- 
510 2 |a Biological abstracts  |x 0006-3169 
510 1 |a Canadian periodical index  |x 0008-4719 
510 2 |a Canadian education index  |x 0008-3453 
510 2 |a Psychological abstracts  |x 0033-2887  |b 1980- 
530 |a Issued also on microfiche (Toronto, Micromedia; and Ann Arbor, Mich., University Microfilms). 
546 |a Includes some text in French. 
650 0 |a Psychology  |v Periodicals. 
650 0 |a Psychology  |z Canada  |x Periodicals. 
650 6 |a Psychologie  |x Périodiques. 
710 2 |a Canadian Psychological Association. 
776 1 |t Canadian psychology  |x 0708-5591 
780 0 0 |t Canadian psychological review  |x 0318-2096  |w (DLC) 75644700  |w (CaOONL)750336854 
999 |a MARS 
999 f f |s cf461064-6d47-33cf-8a76-4b44a07a2013  |i 2acaba7d-0416-30cd-a5c9-e85bb3732ada  |t 0 
952 f f |p ric  |a Texas A&M University  |b Rellis Campus  |c Joint Library Facility  |d Remote Storage  |t 0  |e BF1 .A15  |h Library of Congress classification  |i unmediated -- volume  |k v.38  |l 1997  |m A14831370231 
952 f f |p ric  |a Texas A&M University  |b Rellis Campus  |c Joint Library Facility  |d Remote Storage  |t 0  |e BF1 .A15  |h Library of Congress classification  |i unmediated -- volume  |k v.35  |l 1994  |m A14819074607 
952 f f |p ric  |a Texas A&M University  |b Rellis Campus  |c Joint Library Facility  |d Remote Storage  |t 0  |e BF1 .A15  |h Library of Congress classification  |i unmediated -- volume  |k v.37  |l 1996  |m A14821041262 
952 f f |p ric  |a Texas A&M University  |b Rellis Campus  |c Joint Library Facility  |d Remote Storage  |t 0  |e BF1 .A15  |h Library of Congress classification  |i unmediated -- volume  |k v.34  |l 1993  |m A14818839648 
952 f f |p ric  |a Texas A&M University  |b Rellis Campus  |c Joint Library Facility  |d Remote Storage  |t 0  |e BF1 .A15  |h Library of Congress classification  |i unmediated -- volume  |k v.35:2a:Suppl.  |l 1994  |m A14820278719 
952 f f |p ric  |a Texas A&M University  |b Rellis Campus  |c Joint Library Facility  |d Remote Storage  |t 0  |e BF1 .A15  |h Library of Congress classification  |i unmediated -- volume  |k v.33  |l 1992  |m A14816997092 
952 f f |p ric  |a Texas A&M University  |b Rellis Campus  |c Joint Library Facility  |d Remote Storage  |t 0  |e BF1 .A15  |h Library of Congress classification  |i unmediated -- volume  |k v.22  |l 1981  |m A14841137766 
952 f f |p ric  |a Texas A&M University  |b Rellis Campus  |c Joint Library Facility  |d Remote Storage  |t 0  |e BF1 .A15  |h Library of Congress classification  |i unmediated -- volume  |k v.27  |l 1986  |m A14811132786 
952 f f |p ric  |a Texas A&M University  |b Rellis Campus  |c Joint Library Facility  |d Remote Storage  |t 0  |e BF1 .A15  |h Library of Congress classification  |i unmediated -- volume  |k v.29  |l 1988  |m A14811729672 
952 f f |p ric  |a Texas A&M University  |b Rellis Campus  |c Joint Library Facility  |d Remote Storage  |t 0  |e BF1 .A15  |h Library of Congress classification  |i unmediated -- volume  |k v.25  |l 1984  |m A14830009926 
952 f f |p ric  |a Texas A&M University  |b Rellis Campus  |c Joint Library Facility  |d Remote Storage  |t 0  |e BF1 .A15  |h Library of Congress classification  |i unmediated -- volume  |k v.26  |l 1985  |m A14819977952 
952 f f |p ric  |a Texas A&M University  |b Rellis Campus  |c Joint Library Facility  |d Remote Storage  |t 0  |e BF1 .A15  |h Library of Congress classification  |i unmediated -- volume  |k v.30  |l 1989  |m A14812024130 
952 f f |p ric  |a Texas A&M University  |b Rellis Campus  |c Joint Library Facility  |d Remote Storage  |t 0  |e BF1 .A15  |h Library of Congress classification  |i unmediated -- volume  |k v.32  |l 1991  |m A14815537409 
952 f f |p ric  |a Texas A&M University  |b Rellis Campus  |c Joint Library Facility  |d Remote Storage  |t 0  |e BF1 .A15  |h Library of Congress classification  |i unmediated -- volume  |k v.44  |l 2003  |m A14831489674 
952 f f |p ric  |a Texas A&M University  |b Rellis Campus  |c Joint Library Facility  |d Remote Storage  |t 0  |e BF1 .A15  |h Library of Congress classification  |i unmediated -- volume  |k v.45  |l 2004  |m A14832892618 
952 f f |p ric  |a Texas A&M University  |b Rellis Campus  |c Joint Library Facility  |d Remote Storage  |t 0  |e BF1 .A15  |h Library of Congress classification  |i unmediated -- volume  |k v.39  |l 1998  |m A14824881386 
952 f f |p ric  |a Texas A&M University  |b Rellis Campus  |c Joint Library Facility  |d Remote Storage  |t 0  |e BF1 .A15  |h Library of Congress classification  |i unmediated -- volume  |k v.24  |l 1983  |m A14826989041 
952 f f |p ric  |a Texas A&M University  |b Rellis Campus  |c Joint Library Facility  |d Remote Storage  |t 0  |e BF1 .A15  |h Library of Congress classification  |i unmediated -- volume  |k v.43  |l 2002  |m A14830962530 
952 f f |p ric  |a Texas A&M University  |b Rellis Campus  |c Joint Library Facility  |d Remote Storage  |t 0  |e BF1 .A15  |h Library of Congress classification  |i unmediated -- volume  |k v.42  |l 2001  |m A14828583744 
952 f f |p ric  |a Texas A&M University  |b Rellis Campus  |c Joint Library Facility  |d Remote Storage  |t 0  |e BF1 .A15  |h Library of Congress classification  |i unmediated -- volume  |k v.41  |l 2000  |m A14828555644 
952 f f |p ric  |a Texas A&M University  |b Rellis Campus  |c Joint Library Facility  |d Remote Storage  |t 0  |e BF1 .A15  |h Library of Congress classification  |i unmediated -- volume  |k v.23  |l 1982  |m A14841137758 
952 f f |p ric  |a Texas A&M University  |b Rellis Campus  |c Joint Library Facility  |d Remote Storage  |t 0  |e BF1 .A15  |h Library of Congress classification  |i unmediated -- volume  |k v.21  |l 1980  |m A14841137805 
952 f f |p ric  |a Texas A&M University  |b Rellis Campus  |c Joint Library Facility  |d Remote Storage  |t 0  |e BF1 .A15  |h Library of Congress classification  |i unmediated -- volume  |k v.28  |l 1987  |m A14811389715 
952 f f |p ric  |a Texas A&M University  |b Rellis Campus  |c Joint Library Facility  |d Remote Storage  |t 0  |e BF1 .A15  |h Library of Congress classification  |i unmediated -- volume  |k v.31  |l 1990  |m A14812934458 
952 f f |p ric  |a Texas A&M University  |b Rellis Campus  |c Joint Library Facility  |d Remote Storage  |t 0  |e BF1 .A15  |h Library of Congress classification  |i unmediated -- volume  |k v.36  |l 1995  |m A14821041212 
952 f f |p ric  |a Texas A&M University  |b Rellis Campus  |c Joint Library Facility  |d Remote Storage  |t 0  |e BF1 .A15  |h Library of Congress classification  |i unmediated -- volume  |k v.40  |l 1999  |m A14826473105 
998 f f |a BF1 .A15  |s v.21-45 (1980-2004)  |t 0  |l Remote Storage